[Event "Durban USSA op"]
[Site "Durban"]
[Date "2023.12.06"]
[Round "5"]
[White "Hemeni, Simamnkele"]
[Black "Le Roux, Emile Paul"]
[Result "1-0"]
[WhiteElo "1786"]
[BlackElo "1480"]
[PlyCount "119"]
[EventDate "2023.12.04"]
[EventType "swiss"]
[EventRounds "9"]
[EventCountry "RSA"]
[SourceTitle "CB50_2023"]
[SourceDate "2023.12.13"]
[SourceVersion "1"]
[SourceVersionDate "2023.12.13"]
[SourceQuality "1"]

1. d4 Nf6 2. c4 e6 3. g3 d5 4. Bg2 Be7 5. Nf3 0-0 6. 0-0 dxc4 7. Qc2 a6 8. a4 Bd7 9. Qxc4 Bc6 10. Bg5 h6 11. Bxf6 Bxf6 12. Nc3 Bxf3 13. Bxf3 c6 14. Rfd1 Qc7 15. b4 Rd8 16. Rac1 Nd7 17. Ne4 Nb6 18. Nxf6+ gxf6 19. Qb3 Qe7 20. b5 cxb5 21. axb5 a5 22. Qe3 Kg7 23. d5 Qd6 24. Rd4 Nxd5 25. Bxd5 exd5 26. Rg4+ Kh7 27. Rh4 f5 28. Rc7 d4 29. Rxf7+ Kg6 30. Qxh6+ Kxf7 31. Qh7+ Ke6 32. Rh6+ Kd5 33. Qxb7+ Kc5 34. Rxd6 Kxd6 35. Qc6+ Ke7 36. b6 Rab8 37. Qc5+ Ke6 38. Qxa5 Rd6 39. Qa2+ Kf6 40. b7 Rxb7 41. Qd2 Rbd7 42. Qf4 Kg6 43. h4 Rf6 44. g4 Rd5 45. h5+ Kf7 46. Qc7+ Ke6 47. g5 Rf7 48. Qf4 Rfd7 49. h6 d3 50. exd3 Rxd3 51. Qc4+ R3d5 52. Qh4 Rd4 53. Qh5 Rg4+ 54. Kf1 Rd1+ 55. Ke2 Rb1 56. h7 Rb2+ 57. Kd3 Rgb4 58. Qg6+ Ke7 59. Qf6+ Kd7 60. Qxf5+ 1-0